Měnová odluka a poptávka po hotovosti

Úspešnosť priebehu menovej odluky. Formulácia niektorých záverov a ekonomických hypotéz vyplývajúcich z modelu chovania. Použitie statického modelu. Dlhodobý vývoj obeživa. Vývoj obeživa tesne pred odlukou.

Gespeichert in:
Bibliographische Detailangaben
1. Verfasser: Bulíř, Aleš
Format: Buchkapitel
Sprache:Tschechisch
Schlagworte:
Tags: Tag hinzufügen
Keine Tags, Fügen Sie das erste Tag hinzu!

MARC

LEADER 00000naa a2200000 4500
001 r017360
005 20221205075826.1
041 0 |a cze 
044 |a CZ 
245 1 0 |a Měnová odluka a poptávka po hotovosti  |c A. Bulíř 
520 |a Úspešnosť priebehu menovej odluky. Formulácia niektorých záverov a ekonomických hypotéz vyplývajúcich z modelu chovania. Použitie statického modelu. Dlhodobý vývoj obeživa. Vývoj obeživa tesne pred odlukou. 
610 2 0 |a politika menová 
610 2 0 |a Česko 
610 2 0 |a 1993 
610 2 0 |a obeživo 
610 2 0 |a modely statické 
610 2 0 |a dopyt 
610 2 0 |a hotovosť 
100 1 |a Bulíř, Aleš